The Management of Time (Record no. 2476)

MARC details
000 -LEADER
fixed length control field 00227nam a22000857a 4500
008 - FIXED-LENGTH DATA ELEMENTS--GENERAL INFORMATION
fixed length control field 160715b xxu||||| |||| 00| 0 eng d
100 ## - MAIN ENTRY--PERSONAL NAME
9 (RLIN) 2911
Personal name Mccay, J.T
245 ## - TITLE STATEMENT
Title The Management of Time
260 ## - PUBLICATION, DISTRIBUTION, ETC. (IMPRINT)
Place of publication, distribution, etc. N.J
Name of publisher, distributor, etc. Prentice Hall.Inc.
Date of publication, distribution, etc. 1959
Holdings
Withdrawn status Lost status Source of classification or shelving scheme Damaged status Not for loan Home library Current library Shelving location Date acquired Total Checkouts Full call number Barcode Date last seen Price effective from Koha item type
    Dewey Decimal Classification     Good Samaritan School Library Good Samaritan School Library PSYCHOLOGY 07/15/2016   150 MCC3293 07/15/2016 07/15/2016 BOOK

Powered by Koha